000 00824nam a2200241Ia 4500
003 OSt
005 20220923214910.0
006 a|||||r|||| 00| 0
007 ta
008 220922b |||||||| |||| 00| 0 hin d
024 _a173,589
037 _cTextual
040 _aARTS
_cARTS
_bhin
041 _2hin
_ahin
082 _aO152,6M48:g, J8
100 _aशर्मा, राजेन्द्र प्रसाद
245 0 _aबालकृष्ण भट्ट
_b जीवन और साहित्य
246 _aBālakṛuṣhṇa bhaṭṭa: jīvan aur sāhitya
260 _c1958
650 _aहिन्दी साहित्य
_9156264
942 _hO152,6M48:g, J8
_cTEXL
_2CC
999 _c327479
_d327479